[Event "Hessen-ch Seniors op 12th"]
[Site "Bad Sooden-Allendorf"]
[Date "2016.05.08"]
[Round "8"]
[White "Krotofil, Kurt"]
[Black "Meinke, Dietlind"]
[Result "1-0"]
[WhiteElo "1975"]
[BlackElo "1897"]
[PlyCount "107"]
[EventDate "2016.04.30"]
[EventType "swiss"]
[EventRounds "9"]
[EventCountry "GER"]
[SourceTitle "EXT 2019"]
[Source "ChessBase"]
[SourceDate "2018.10.10"]
[SourceVersion "1"]
[SourceVersionDate "2018.10.10"]
[SourceQuality "1"]

1. d4 d5 2. c4 e6 3. Nc3 Nf6 4. Bg5 Nbd7 5. e3 c6 6. Nf3 Qa5 7. cxd5 exd5 8. Nd2 Bb4 9. Qc2 0-0 10. Bd3 Re8 11. 0-0 Bd6 12. Rac1 a6 13. Nb3 Qc7 14. g3 h6 15. Bf4 Nf8 16. Kg2 Ne6 17. Bxd6 Qxd6 18. Na4 Qd8 19. Nac5 Nxc5 20. Nxc5 a5 21. Rfe1 b6 22. Nb3 Qd7 23. Kg1 Bb7 24. Bf5 Qd6 25. Nd2 Re7 26. Qb3 c5 27. dxc5 bxc5 28. Qa3 Rc7 29. Nb3 Qe5 30. Bh3 c4 31. Nd4 Bc8 32. Bg2 Bd7 33. f4 Qe8 34. b3 Raa7 35. bxc4 dxc4 36. Rc2 Qc8 37. Rec1 Ra6 38. Bf1 Raa7 39. Rxc4 Rxc4 40. Rxc4 Qb7 41. Qc1 Qd5 42. Bg2 Qd6 43. e4 Qb6 44. e5 Ne8 45. Kh1 Rc7 46. Rxc7 Qxc7 47. Qxc7 Nxc7 48. Bc6 Bxc6+ 49. Nxc6 a4 50. Kg2 Kf8 51. Kf3 Nb5 52. Ke3 Ke8 53. Kd3 Kd7 54. Nd4 1-0

[Event "Hessen-ch Seniors op 12th"]
[Site "Bad Sooden-Allendorf"]
[Date "2016.05.06"]
[Round "7"]
[White "Meinke, Dietlind"]
[Black "Nagorni, Walter"]
[Result "1/2-1/2"]
[WhiteElo "1897"]
[BlackElo "2000"]
[PlyCount "20"]
[EventDate "2016.04.30"]
[EventType "swiss"]
[EventRounds "9"]
[EventCountry "GER"]
[SourceTitle "EXT 2019"]
[Source "ChessBase"]
[SourceDate "2018.10.10"]
[SourceVersion "1"]
[SourceVersionDate "2018.10.10"]
[SourceQuality "1"]

1. e4 c5 2. Nc3 Nc6 3. f4 g6 4. Nf3 Bg7 5. Bb5 d6 6. Bxc6+ bxc6 7. 0-0 Bg4 8. Qe1 Bxf3 9. Rxf3 Nf6 10. d3 0-0 1/2-1/2

[Event "Hessen-ch Seniors op 12th"]
[Site "Bad Sooden-Allendorf"]
[Date "2016.05.02"]
[Round "3"]
[White "Meinke, Dietlind"]
[Black "Engelhardt, Erhard"]
[Result "1/2-1/2"]
[WhiteElo "1897"]
[BlackElo "1736"]
[PlyCount "89"]
[EventDate "2016.04.30"]
[EventType "swiss"]
[EventRounds "9"]
[EventCountry "GER"]
[SourceTitle "EXT 2019"]
[Source "ChessBase"]
[SourceDate "2018.10.10"]
[SourceVersion "1"]
[SourceVersionDate "2018.10.10"]
[SourceQuality "1"]

1. e4 d5 2. exd5 Qxd5 3. Nc3 Qd6 4. d4 Nf6 5. Nf3 c6 6. g3 Bg4 7. Bg2 e6 8. 0-0 Be7 9. Bf4 Qd8 10. Qd2 0-0 11. h3 Bh5 12. g4 Bg6 13. Ne5 Nd5 14. Nxd5 exd5 15. Rae1 Bd6 16. Bg5 f6 17. Nxg6 hxg6 18. Bf4 Na6 19. Re2 Bxf4 20. Qxf4 Re8 21. Rfe1 Rxe2 22. Rxe2 Qd7 23. Qe3 Kf7 24. Bf1 Nc7 25. c3 Re8 26. Qf3 Rxe2 27. Bxe2 Qd6 28. h4 Ne6 29. Bd3 Qf4 30. Qxf4 Nxf4 31. Bc2 Ne6 32. Kg2 g5 33. h5 Ke7 34. Kf3 Kd6 35. Bf5 Nc7 36. Ke3 Ke7 37. Kd3 Ne8 38. b3 Nd6 39. c4 dxc4+ 40. bxc4 Nxf5 41. gxf5 Kd6 42. a4 b6 43. Kc3 a6 44. Kb4 Kc7 45. Kc3 1/2-1/2

[Event "Schleswig Holstein-ch Seniors op 9th"]
[Site "Buesum"]
[Date "2015.10.07"]
[Round "9"]
[White "Meinke, Dietlind"]
[Black "Graffenberger, Wilhelm"]
[Result "1-0"]
[WhiteElo "1931"]
[BlackElo "1730"]
[PlyCount "55"]
[EventDate "2015.09.28"]
[EventType "swiss"]
[EventRounds "9"]
[EventCountry "GER"]
[SourceTitle "EXT 2018"]
[Source "ChessBase"]
[SourceDate "2017.10.13"]
[SourceVersion "1"]
[SourceVersionDate "2017.10.13"]
[SourceQuality "1"]

1. e4 c5 2. Nc3 Nc6 3. f4 g6 4. Nf3 Bg7 5. Bb5 Nd4 6. 0-0 Nxb5 7. Nxb5 d6 8. Nc3 Bg4 9. Qe1 e6 10. d3 Bxf3 11. Rxf3 Ne7 12. f5 Nc6 13. fxe6 fxe6 14. Be3 Qe7 15. Qd2 h6 16. Raf1 Rf8 17. Rxf8+ Bxf8 18. Bxh6 Bxh6 19. Qxh6 0-0-0 20. Qxg6 Ne5 21. Qf6 Qe8 22. h3 Rd7 23. Qf8 Kd8 24. Qxe8+ Kxe8 25. b3 a6 26. a4 d5 27. exd5 exd5 28. Re1 1-0

[Event "Schleswig Holstein-ch Seniors op 9th"]
[Site "Buesum"]
[Date "2015.10.06"]
[Round "8"]
[White "Riha, Peter"]
[Black "Meinke, Dietlind"]
[Result "1-0"]
[WhiteElo "1787"]
[BlackElo "1931"]
[PlyCount "115"]
[EventDate "2015.09.28"]
[EventType "swiss"]
[EventRounds "9"]
[EventCountry "GER"]
[SourceTitle "EXT 2018"]
[Source "ChessBase"]
[SourceDate "2017.10.13"]
[SourceVersion "1"]
[SourceVersionDate "2017.10.13"]
[SourceQuality "1"]

1. d4 Nf6 2. c4 e6 3. Nf3 b6 4. g3 Bb7 5. Bg2 Be7 6. 0-0 0-0 7. Nc3 Ne4 8. Nxe4 Bxe4 9. Ne1 Bxg2 10. Nxg2 c5 11. d5 Qc7 12. e4 exd5 13. Qxd5 Qc6 14. Nf4 Na6 15. a3 Bf6 16. Rb1 Rfe8 17. f3 Bd4+ 18. Kh1 Nc7 19. Qxc6 dxc6 20. b3 Red8 21. Rd1 Rd7 22. Kg2 a5 23. Kf1 Rad8 24. Ke2 Bc3 25. Rxd7 Rxd7 26. Be3 Na6 27. Rd1 Rxd1 28. Kxd1 Bb2 29. a4 g6 30. Nd3 Bg7 31. Bf4 Kf8 32. Bd6+ Ke8 33. e5 Kd7 34. Ke2 Nc7 35. Bxc7 Kxc7 36. Ke3 Kd7 37. f4 Ke6 38. Ke4 h5 39. h3 Bh6 40. g4 hxg4 41. hxg4 Bf8 42. f5+ gxf5+ 43. gxf5+ Kd7 44. Nf4 Bh6 45. Nh5 Bf8 46. Kf4 Bh6+ 47. Kg4 Ke7 48. Kf3 Bf8 49. Ke4 Bh6 50. f6+ Kd7 51. Kf5 Bd2 52. Ng3 Bh6 53. Ne4 Bf8 54. Ng5 Ke8 55. e6 fxe6+ 56. Kxe6 b5 57. f7+ Kd8 58. Nh7 1-0

[Event "Schleswig Holstein-ch Seniors op 9th"]
[Site "Buesum"]
[Date "2015.10.02"]
[Round "5"]
[White "Meinke, Dietlind"]
[Black "Reutimann, Hans Peter"]
[Result "1/2-1/2"]
[WhiteElo "1931"]
[BlackElo "1780"]
[PlyCount "144"]
[EventDate "2015.09.28"]
[EventType "swiss"]
[EventRounds "9"]
[EventCountry "GER"]
[SourceTitle "EXT 2018"]
[Source "ChessBase"]
[SourceDate "2017.10.13"]
[SourceVersion "1"]
[SourceVersionDate "2017.10.13"]
[SourceQuality "1"]

1. e4 e6 2. Nc3 d5 3. Nf3 Bc5 4. d4 dxe4 5. Nxe4 Bd6 6. Bd3 Nd7 7. 0-0 Ngf6 8. Nxd6+ cxd6 9. Bf4 Qb6 10. Rb1 0-0 11. c3 Re8 12. Re1 Nf8 13. Qc2 Bd7 14. Bg5 Bb5 15. Bxf6 Bxd3 16. Qxd3 gxf6 17. Qd2 Kg7 18. Re4 Qa5 19. Rh4 Qf5 20. Re1 d5 21. Qh6+ Kg8 22. Rf4 Qg6 23. Rxf6 Qxh6 24. Rxh6 Kg7 25. Rh3 Nd7 26. Re3 Rh8 27. Ng5 h6 28. Nf3 Kf6 29. Ne1 Rag8 30. Nd3 Ke7 31. Rh5 Nf6 32. Rh4 Ne4 33. Reh3 Ng5 34. Rg3 Rc8 35. Ne5 b5 36. a3 a5 37. Rf4 b4 38. axb4 axb4 39. h4 Ra8 40. Kf1 Ra1+ 41. Ke2 Rb1 42. hxg5 Rxb2+ 43. Kd3 Rc8 44. Rxf7+ Ke8 45. Ke3 Rxc3+ 46. Kf4 Rxf2+ 47. Rf3 hxg5+ 48. Kg3 Rd2 49. Rb7 Rxf3+ 50. Kxf3 Rb2 51. Nd3 Rd2 52. Ke3 Rxg2 53. Rxb4 Rg3+ 54. Ke2 Ke7 55. Ne5 Rg2+ 56. Kf3 Rd2 57. Kg4 Kf6 58. Nd7+ Kg6 59. Nf8+ Kf6 60. Nd7+ Kg6 61. Ne5+ Kf6 62. Ra4 Rd1 63. Nd7+ Kg6 64. Nc5 Kf6 65. Nd7+ Ke7 66. Nc5 Kf6 67. Nb3 Rg1+ 68. Kf3 Kf5 69. Ra7 Rf1+ 70. Kg2 Rf4 71. Kg3 Rg4+ 72. Kf3 Rf4+ 1/2-1/2

[Event "Schleswig Holstein-ch Seniors op 9th"]
[Site "Buesum"]
[Date "2015.09.28"]
[Round "1"]
[White "Meinke, Dietlind"]
[Black "Moeller, Bernd"]
[Result "1-0"]
[WhiteElo "1931"]
[BlackElo "1576"]
[PlyCount "131"]
[EventDate "2015.09.28"]
[EventType "swiss"]
[EventRounds "9"]
[EventCountry "GER"]
[SourceTitle "EXT 2018"]
[Source "ChessBase"]
[SourceDate "2017.10.13"]
[SourceVersion "1"]
[SourceVersionDate "2017.10.13"]
[SourceQuality "1"]

1. e4 e5 2. Nf3 d6 3. d4 exd4 4. Qxd4 Nc6 5. Bb5 Bd7 6. Bxc6 Bxc6 7. Bg5 f6 8. Bh4 Be7 9. Nc3 Bd7 10. h3 c6 11. 0-0-0 Nh6 12. g4 Nf7 13. Bg3 0-0 14. Nh4 a5 15. Nf5 Bxf5 16. gxf5 b5 17. h4 Qd7 18. Rdg1 Qa7 19. Qxa7 Rxa7 20. Bf4 h6 21. Rg2 Kh7 22. Rgh2 Rg8 23. Ne2 c5 24. Nc3 b4 25. Nd5 Bd8 26. Ne3 Ne5 27. h5 Rd7 28. Nd5 Nf3 29. Rg2 Nd4 30. Be3 Nf3 31. Rg3 Ng5 32. f3 Rf7 33. Bf4 Rd7 34. Kd2 Nf7 35. Ke2 Ne5 36. Rhg1 Nc4 37. Bc1 Nb6 38. Nf4 d5 39. Ne6 c4 40. Rg6 d4 41. Bxh6 d3+ 42. cxd3 cxd3+ 43. Kd1 Nc4 44. Rxg7+ Rdxg7 45. Rxg7+ Rxg7 46. Bxg7 Be7 47. b3 Nd6 48. Kd2 Ne8 49. h6 Nd6 50. Kxd3 Nb5 51. Nf8+ Kg8 52. Ng6 Bd8 53. Nf4 Nd6 54. Nd5 Kf7 55. f4 Ne8 56. e5 Nxg7 57. hxg7 Kxg7 58. Nxf6 Kf7 59. Kc4 Bxf6 60. exf6 Kxf6 61. Kb5 Kxf5 62. Kxa5 Kxf4 63. Kxb4 Ke5 64. Kc5 Ke6 65. Kc6 Ke7 66. Kc7 1-0

[Event "Hessen-ch Seniors op 11th"]
[Site "Bad Sooden-Allendorf"]
[Date "2015.05.15"]
[Round "7"]
[White "Meinke, Dietlind"]
[Black "Kopp, Peter"]
[Result "0-1"]
[WhiteElo "1931"]
[BlackElo "2018"]
[PlyCount "94"]
[EventDate "2015.05.09"]
[EventType "swiss"]
[EventRounds "9"]
[EventCountry "GER"]
[SourceTitle "EXT 2018"]
[Source "ChessBase"]
[SourceDate "2017.10.13"]
[SourceVersion "1"]
[SourceVersionDate "2017.10.13"]
[SourceQuality "1"]

1. e4 c6 2. d4 d5 3. Nc3 dxe4 4. Nxe4 Nd7 5. Bc4 Ngf6 6. Ng5 e6 7. Qe2 Nb6 8. Bb3 h6 9. N5f3 Qc7 10. Ne5 c5 11. dxc5 Bxc5 12. Ngf3 0-0 13. 0-0 Nbd5 14. c4 Ne7 15. Bd2 Nc6 16. Bc3 Nxe5 17. Bxe5 Qe7 18. Bc2 b6 19. Bxf6 gxf6 20. Qe4 f5 21. Qf4 Kg7 22. Rad1 Bb7 23. Ne5 Rad8 24. Rxd8 Rxd8 25. Nf3 Qf6 26. h3 Bd6 27. Qe3 Qxb2 28. Bb3 Bc5 29. Qe5+ Qxe5 30. Nxe5 Kf6 31. Nf3 Rd3 32. Rd1 Rxd1+ 33. Bxd1 e5 34. Kf1 e4 35. Nd2 Ke5 36. Nb3 a5 37. g3 Bc8 38. f4+ exf3 39. Bxf3 Be6 40. Be2 f4 41. Kg2 Ke4 42. h4 Ke3 43. Bf1 f3+ 44. Kg1 Bd6 45. Kh2 Kf2 46. Nd2 Bxg3+ 47. Kh1 Ke1 0-1